| 000 | 01189 a2200217 4500 | ||
|---|---|---|---|
| 003 | Nust | ||
| 005 | 20230126081106.0 | ||
| 010 | _a 88025562 | ||
| 020 | _a013216292X | ||
| 040 | _cNust | ||
| 082 | 0 | 0 | _a621.38, |
| 100 | 1 |
_aOppenheim, Alan V., _969572 |
|
| 245 | 1 | 0 |
_aDiscrete-time signal processing / _cAlan V. Oppenheim, Ronald W. Schafer. |
| 260 |
_aEnglewood Cliffs, N.J. : _bPrentice Hall, _cc1989. |
||
| 300 |
_axv, 879 p. : _bill. ; _c25 cm. |
||
| 440 | 0 |
_aPrentice-Hall signal processing series _9102988 |
|
| 505 | _aDiscrete-Time Signal and System (Page-8), Sampling of Continuous Time Signals (Page-80), The Z-Transform (Page-149), Transform Analysis of Linear Time-Invariant Systems (Page-202), Structures for Discrete Time Systems (Page-290), Filter Design Techniques (Page-403), The Discrete Fourier Transform (Page-514), Computation of the Discrete Fourier Transform (Page-581), Discrete Hilbert Transform (Page-662), Fourier Analysis of Signals using the Discrete Fourier Transform (Page-695), Cepstrum Analysis and Homomorphic Deconvolution (Page-768). | ||
| 650 | 0 | _aTelecommunication Engineering. | |
| 700 | 1 |
_aSchafer, Ronald W., _d1938- _983396 |
|
| 942 |
_2ddc _cBK |
||
| 999 |
_c175627 _d175627 |
||